| 000 | 02038cam a22003854a 4500 | ||
|---|---|---|---|
| 001 | 14096910 | ||
| 003 | OSt | ||
| 005 | 20240215115851.0 | ||
| 008 | 050902s2006 utua 000 0 eng | ||
| 010 | _a 2005025786 | ||
| 020 | _a1586855174 | ||
| 020 | _a9781586855178 | ||
| 035 | _a(OCoLC)ocm61461700 | ||
| 040 |
_aDLC _cDLC _dIG# _dBAKER _dOCO _dQBX _dDLC |
||
| 042 | _apcc | ||
| 043 | _an-us-id | ||
| 050 | 0 | 0 |
_aNA7575 _b.E34 2006 |
| 082 | 0 | 0 |
_a720.979632 _222 _bEDI |
| 100 | 1 |
_aEdison, Alan. _9120540 |
|
| 245 | 1 | 0 |
_aSun Valley architecture and interiors / _cAlan Edison and Jo Rabjohn ; foreword by Mariel Hemingway ; photography by Tim Brown. |
| 250 | _a1st ed. | ||
| 260 |
_aLayton, Utah : _bGibbs Smith, _cc2006. |
||
| 300 |
_a216 p. : _bill. (some col.) ; _c32 cm. |
||
| 505 | 0 | _aHistory of Sun Valley -- Architecture for lifestyles: Nature of restraint ; Art and architecture ; Less is a lot more work ; River retreat ; True West ; Timeless homestead ; More is never enough ; Twining occidental and oriental ; An American retreat ; Old-world sophistication ; Rocking T Ranch ; Historic cabin on Trail Creek ; A civilized seclusion ; Nature and nurture ; Territorial homestead ; Artful sanctuary ; Mountain minimalism. | |
| 650 | 0 |
_aVacation homes _zIdaho _zSun Valley. _9120541 |
|
| 650 | 0 |
_aInterior decoration _zIdaho _zSun Valley. _9120542 |
|
| 651 | 0 |
_aSun Valley (Idaho) _xBuildings, structures, etc. _9120543 |
|
| 700 | 1 |
_aRabjohn, Jo. _9120544 |
|
| 856 | 4 | 1 |
_3Table of contents _uhttp://www.loc.gov/catdir/toc/ecip0518/2005025786.html |
| 856 | 4 | 2 |
_3Publisher description _uhttp://www.loc.gov/catdir/enhancements/fy0811/2005025786-d.html |
| 856 | 4 | 1 |
_3Sample text _uhttp://www.loc.gov/catdir/enhancements/fy0811/2005025786-s.html |
| 906 |
_a7 _bcbc _corignew _d1 _eecip _f20 _gy-gencatlg |
||
| 942 |
_2ddc _cBK _aSADA _k720.979632 EDI 2006 |
||
| 999 |
_c607766 _d607766 |
||